000
00304nam a2200121Ia 4500
008
190216s9999||||xx |||||||||||||| ||und||
100
_a
Waghmare
245
0
_a
Relativity Under Standing Special Theory Of Relativity
260
_b
Har-Anand Pub
_c
1980
300
_a
154p
650
_a
Physics
942
_c
BK
999
_c
33232
_d
33232